00394nam a2200121 a 450000100100000000500170001000800410002711100800006824500160014826000750016430000200023904000130025900003060720200930062415.0110524s1956 dr 000 0 spa d2 aFeria de la Paz y Confraternidad del Mundo Libred(1956:cCiudad Trujillo )10aReglamento. aCiudad Trujillo, República Dominicana :bEditora del Caribe.,c1956. a54 p. ;c23 cm. aDO-SdBNP